[Event "HUN-chT2 Breyer 0809"]
[Site "Hungary"]
[Date "2009.02.08"]
[Round "7"]
[White "Vida, Daniel"]
[Black "Vrona, Mihail"]
[Result "1/2-1/2"]
[WhiteElo "2026"]
[BlackElo "2139"]
[PlyCount "41"]
[EventDate "2008.10.26"]
[EventType "team-tourn"]
[EventRounds "11"]
[EventCountry "HUN"]
[SourceTitle "EXT 2010"]
[Source "ChessBase"]
[SourceDate "2010.11.25"]
[SourceVersion "1"]
[SourceVersionDate "2010.11.25"]
[SourceQuality "1"]
[WhiteTeam "Zsambek"]
[BlackTeam "Tatai Honved"]
[WhiteTeamCountry "HUN"]
[BlackTeamCountry "HUN"]

1. e4 e5 2. Nf3 Nc6 3. Bb5 a6 4. Ba4 d6 5. 0-0 Bg4 6. c3 Qf6 7. d3 Nge7 8. Nbd2 Ng6 9. h3 h5 10. Re1 Bd7 11. Nf1 Nf4 12. Bxf4 Qxf4 13. Ne3 Rc8 14. Nd5 Qh6 15. d4 f6 16. dxe5 fxe5 17. Nh4 Qg5 18. Nf3 Qg6 19. Nh4 Qg5 20. Nf3 Qg6 21. Nh4 1/2-1/2

[Event "HUN-chT2 Breyer 0809"]
[Site "Hungary"]
[Date "2009.01.11"]
[Round "5"]
[White "Vida, Daniel"]
[Black "Banszegi, Attila"]
[Result "0-1"]
[WhiteElo "2026"]
[BlackElo "2085"]
[PlyCount "60"]
[EventDate "2008.10.26"]
[EventType "team-tourn"]
[EventRounds "11"]
[EventCountry "HUN"]
[SourceTitle "EXT 2010"]
[Source "ChessBase"]
[SourceDate "2010.11.25"]
[SourceVersion "1"]
[SourceVersionDate "2010.11.25"]
[SourceQuality "1"]
[WhiteTeam "Zsambek"]
[BlackTeam "Kisber Aszar"]
[WhiteTeamCountry "HUN"]
[BlackTeamCountry "HUN"]

1. d4 Nf6 2. Nf3 g6 3. Bf4 Bg7 4. e3 0-0 5. Bd3 c5 6. c3 b6 7. h4 Bb7 8. Nbd2 d6 9. Qc2 Nh5 10. dxc5 e5 11. Bh2 bxc5 12. 0-0-0 Nd7 13. g4 Nhf6 14. Rhg1 Qe7 15. e4 Nb6 16. h5 Rfc8 17. Be2 Bc6 18. hxg6 hxg6 19. g5 Nh5 20. Nh4 Nf4 21. Bc4 Rab8 22. Bxf4 Nxc4 23. Nxc4 exf4 24. Qd2 Rd8 25. Qxf4 Qb7 26. b3 Qa6 27. Nxd6 Rf8 28. Qd2 Be5 29. Nc4 Rxb3 30. axb3 Qa1+ 0-1

[Event "HUN-chT2 Breyer 0708"]
[Site "Hungary"]
[Date "2008.03.16"]
[Round "8"]
[White "Szuts, Janos"]
[Black "Vida, Daniel"]
[Result "1-0"]
[WhiteElo "1982"]
[BlackElo "2014"]
[PlyCount "57"]
[EventDate "2007.10.14"]
[EventType "team"]
[EventRounds "11"]
[EventCountry "HUN"]
[SourceTitle "EXT 2009"]
[Source "ChessBase"]
[SourceDate "2008.11.26"]
[SourceVersion "1"]
[SourceVersionDate "2008.11.26"]
[SourceQuality "1"]
[WhiteTeam "Vertesi Eromu"]
[BlackTeam "Zsambek"]
[WhiteTeamCountry "HUN"]
[BlackTeamCountry "HUN"]

1. e4 d5 2. exd5 Qxd5 3. d4 Nf6 4. Nc3 Qa5 5. Bd2 c6 6. Bd3 Bg4 7. f3 Bh5 8. Nge2 Nbd7 9. Nf4 Bg6 10. Qe2 Qb6 11. d5 Nc5 12. Bxg6 hxg6 13. 0-0-0 0-0-0 14. Be3 Qa5 15. dxc6 Rxd1+ 16. Rxd1 bxc6 17. Bxc5 Qxc5 18. h3 e6 19. Kb1 Qb6 20. Qc4 Bb4 21. Nce2 g5 22. Nd3 Rd8 23. Rf1 Nd5 24. Qb3 Ne3 25. Rh1 c5 26. Ne5 Nxg2 27. Nxf7 Qa6 28. Nxd8 Qxe2 29. Qxe6+ 1-0

[Event "HUN-chT2 Breyer 0708"]
[Site "Hungary"]
[Date "2007.11.11"]
[Round "2"]
[White "Vida, Daniel"]
[Black "Kovacs, David"]
[Result "1-0"]
[WhiteElo "2014"]
[BlackElo "2071"]
[PlyCount "87"]
[EventDate "2007.10.14"]
[EventType "team"]
[EventRounds "11"]
[EventCountry "HUN"]
[SourceTitle "EXT 2009"]
[Source "ChessBase"]
[SourceDate "2008.11.26"]
[SourceVersion "1"]
[SourceVersionDate "2008.11.26"]
[SourceQuality "1"]
[WhiteTeam "Zsambek"]
[BlackTeam "Geniusz Tata"]
[WhiteTeamCountry "HUN"]
[BlackTeamCountry "HUN"]

1. d4 Nf6 2. Nf3 g6 3. Bf4 Bg7 4. e3 0-0 5. Bd3 c5 6. c3 b6 7. Qe2 d5 8. Nbd2 Bb7 9. h4 Nbd7 10. Ne5 c4 11. Bc2 b5 12. g4 Re8 13. h5 Nf8 14. hxg6 fxg6 15. g5 N6d7 16. Ndf3 Bc8 17. a4 Qa5 18. Nc6 Qb6 19. axb5 Qxb5 20. Ba4 Qb6 21. Nb4 Bb7 22. e4 e6 23. Ne5 Nxe5 24. Bxe5 Red8 25. exd5 exd5 26. 0-0 Bxe5 27. Qxe5 a5 28. Nc2 Bc8 29. Ne3 Be6 30. Rab1 Nd7 31. Qg3 Rac8 32. Rfe1 Nb8 33. Ng4 Bxg4 34. Qxg4 Rf8 35. Re6 Rf4 36. Qe2 Qc7 37. Re1 Rcf8 38. Re8 Qd6 39. Rxf8+ Qxf8 40. Qe6+ Qf7 41. Qc8+ Kg7 42. Qxb8 Rg4+ 43. Kf1 Rf4 44. Qe5+ 1-0

[Event "HUN-chT2 Breyer 0506"]
[Site "Hungary"]
[Date "2006.04.09"]
[Round "10"]
[White "Kiss, Istvan"]
[Black "Vida, Daniel"]
[Result "0-1"]
[WhiteElo "2173"]
[BlackElo "2019"]
[PlyCount "76"]
[EventDate "2005.10.16"]
[EventType "team"]
[EventRounds "11"]
[EventCountry "HUN"]
[SourceTitle "EXT 2009"]
[Source "ChessBase"]
[SourceDate "2008.11.26"]
[SourceVersion "1"]
[SourceVersionDate "2008.11.26"]
[SourceQuality "1"]
[WhiteTeam "Zoltek"]
[BlackTeam "Turul"]
[WhiteTeamCountry "HUN"]
[BlackTeamCountry "HUN"]

1. e4 d5 2. exd5 Qxd5 3. Nc3 Qa5 4. d4 Nf6 5. Nf3 Bf5 6. Bd2 c6 7. Ne4 Qc7 8. Nxf6+ gxf6 9. Nh4 Bg6 10. Nxg6 hxg6 11. g3 Nd7 12. Bc4 e6 13. Qe2 0-0-0 14. 0-0-0 Rh5 15. f4 Nb6 16. Bc3 Na4 17. Qf3 Bd6 18. Bd2 Nb6 19. Bb3 Be7 20. g4 Rh7 21. c3 Rdh8 22. h3 f5 23. Kb1 a5 24. a3 a4 25. Ba2 Nd7 26. c4 fxg4 27. hxg4 Rxh1 28. Rxh1 Rxh1+ 29. Qxh1 Bf6 30. Qe4 Qb6 31. Bc3 c5 32. dxc5 Nxc5 33. Bd4 Qd6 34. Qe2 Qxd4 35. f5 gxf5 36. gxf5 e5 37. Qc2 e4 38. Kc1 Bg5+ 0-1

[Event "HUN-chT2 Breyer 0506"]
[Site "Hungary"]
[Date "2006.02.26"]
[Round "8"]
[White "Szuts, Janos"]
[Black "Vida, Daniel"]
[Result "1-0"]
[WhiteElo "2005"]
[BlackElo "2019"]
[PlyCount "99"]
[EventDate "2005.10.16"]
[EventType "team"]
[EventRounds "11"]
[EventCountry "HUN"]
[SourceTitle "EXT 2009"]
[Source "ChessBase"]
[SourceDate "2008.11.26"]
[SourceVersion "1"]
[SourceVersionDate "2008.11.26"]
[SourceQuality "1"]
[WhiteTeam "Vertesi Eromu"]
[BlackTeam "Turul"]
[WhiteTeamCountry "HUN"]
[BlackTeamCountry "HUN"]

1. e4 e5 2. Nf3 Nc6 3. Bb5 a6 4. Ba4 Nf6 5. 0-0 Be7 6. Re1 b5 7. Bb3 0-0 8. d4 Nxd4 9. Bxf7+ Rxf7 10. Nxe5 Rf8 11. Qxd4 c5 12. Qd3 Bb7 13. Nc3 c4 14. Qd4 Rc8 15. Be3 Bc5 16. Qd2 d6 17. Bxc5 Rxc5 18. Nf3 b4 19. Na4 Nxe4 20. Rxe4 Bxe4 21. Nxc5 dxc5 22. Qe2 Bxf3 23. gxf3 Qg5+ 24. Kh1 Qd5 25. Kg2 Rd8 26. Re1 h6 27. Qe7 Rd6 28. Kf1 a5 29. Qe8+ Kh7 30. Qe4+ Qxe4 31. Rxe4 Rd4 32. Ke2 a4 33. Re5 c3 34. bxc3 Rc4 35. cxb4 Rxc2+ 36. Kd3 Rxa2 37. bxc5 Rxf2 38. c6 Rxf3+ 39. Kc2 Rf7 40. Kb2 Kg6 41. Ka3 Kf6 42. Rc5 Rc7 43. Kxa4 Ke6 44. Kb5 Kd6 45. Rc3 Rc8 46. Rd3+ Kc7 47. Rd7+ Kb8 48. Kb6 Re8 49. Rb7+ Kc8 50. Ra7 1-0

[Event "HUN-chT2 Breyer 0506"]
[Site "Hungary"]
[Date "2005.11.13"]
[Round "3"]
[White "Vida, Daniel"]
[Black "Csicsay, Imre"]
[Result "0-1"]
[WhiteElo "2019"]
[BlackElo "2245"]
[PlyCount "92"]
[EventDate "2005.10.16"]
[EventType "team"]
[EventRounds "11"]
[EventCountry "HUN"]
[SourceTitle "EXT 2009"]
[Source "ChessBase"]
[SourceDate "2008.11.26"]
[SourceVersion "1"]
[SourceVersionDate "2008.11.26"]
[SourceQuality "1"]
[WhiteTeam "Turul"]
[BlackTeam "Hobagoly"]
[WhiteTeamCountry "HUN"]
[BlackTeamCountry "HUN"]

1. d4 Nf6 2. Nf3 g6 3. Bf4 Bg7 4. e3 c5 5. c3 b6 6. dxc5 bxc5 7. h3 0-0 8. Na3 d6 9. Be2 e5 10. Bh2 e4 11. Ng5 d5 12. Nb5 a6 13. Nc7 Ra7 14. Nxd5 Nxd5 15. Bxb8 Rb7 16. Bf4 Rxb2 17. Nxe4 Nxc3 18. Qxd8 Rxe2+ 19. Kf1 Rxd8 20. Nxc3 Rc2 21. Rd1 Rdd2 22. Rxd2 Rxd2 23. e4 Rd3 24. Nd5 Rd1+ 25. Ke2 Rxh1 26. Ne7+ Kf8 27. Nxc8 c4 28. Nb6 c3 29. Kd3 Rd1+ 30. Kc2 Ra1 31. Be3 Rxa2+ 32. Kb3 Rb2+ 33. Kc4 Rxb6 34. Bxb6 c2 35. Be3 Bb2 36. Kb4 c1Q 37. Bxc1 Bxc1 38. Ka5 Ke7 39. Kxa6 Kd6 40. Kb5 Ke5 41. Kc4 Kxe4 42. Kc3 h5 43. Kc2 Be3 44. f3+ Kf4 45. Kd3 Bf2 46. Ke2 Kg3 0-1

[Event "HUN-chT2 Breyer 0506"]
[Site "Hungary"]
[Date "2005.10.16"]
[Round "1"]
[White "Vida, Daniel"]
[Black "Hoflinger, Istvan"]
[Result "1-0"]
[WhiteElo "2019"]
[BlackElo "2075"]
[PlyCount "42"]
[EventDate "2005.10.16"]
[EventType "team"]
[EventRounds "11"]
[EventCountry "HUN"]
[SourceTitle "EXT 2009"]
[Source "ChessBase"]
[SourceDate "2008.11.26"]
[SourceVersion "1"]
[SourceVersionDate "2008.11.26"]
[SourceQuality "1"]
[WhiteTeam "Turul"]
[BlackTeam "Kiraly Sakk"]
[WhiteTeamCountry "HUN"]
[BlackTeamCountry "HUN"]

1. d4 Nf6 2. Nf3 e6 3. Bf4 d5 4. e3 Nbd7 5. Bd3 Be7 6. c3 c5 7. Nbd2 b6 8. h3 Bb7 9. 0-0 0-0 10. Qb1 g6 11. g4 Ne8 12. Kh2 Kh8 13. Rh1 Nd6 14. h4 f5 15. g5 Ne4 16. Qe1 h6 17. Kg2 hxg5 18. hxg5+ Kg7 19. Bb5 Nxg5 20. Bxd7 Nxf3 21. Nxf3 Qxd7 1-0